Ciencia y técnica monetarias en la España bajomedieval / (Record no. 179062)

MARC details
000 -LEADER
campo de control de longitud fija 01202nam a2200301 4500
001 - NÚMERO DE CONTROL
campo de control 179062
003 - IDENTIFICADOR DE NÚMERO DE CONTROL
campo de control ES-MaACL
005 - FECHA Y HORA DE LA ÚLTIMA TRANSACCIÓN
campo de control 20240129115658.0
008 - DATOS DE LONGITUD FIJA--INFORMACIÓN GENERAL
campo de control de longitud fija 110825s20092010sp aop |||| | spa d
020 ## - NÚMERO INTERNACIONAL ESTÁNDAR DEL LIBRO
Número Internacional Estándar del Libro 978-84-920755-7-7
080 ## - NÚMERO DE LA CLASIFICACIÓN DECIMAL UNIVERSAL
Número de la Clasificación Decimal Universal 671.4(460)"12/16"
100 1# - ENTRADA PRINCIPAL--NOMBRE DE PERSONA
Nombre de persona Córdoba de la Llave, Ricardo.
9 (RLIN) 40549
245 10 - MENCIÓN DEL TÍTULO
Título Ciencia y técnica monetarias en la España bajomedieval /
Mención de responsabilidad, etc. Ricardo Córdoba de la Llave ; (prólogo de Julio Torres).
260 ## - PUBLICACIÓN, DISTRIBUCIÓN, ETC.
Lugar de publicación, distribución, etc. Madrid :
Nombre del editor, distribuidor, etc. Fundación Juanelo Turriano,
Fecha de publicación, distribución, etc. 2009
-- , [D.L. 2010]
300 ## - DESCRIPCIÓN FÍSICA
Extensión 406 p. :
Otras características físicas il. col. y n., fot. ;
Dimensiones 27 cm.
500 ## - NOTA GENERAL
Nota general Glosario.
500 ## - NOTA GENERAL
Nota general Apéndice documental.
504 ## - NOTA DE BIBLIOGRAFÍA, ETC.
Nota de bibliografía, etc. Bibliografía: p. 401-406.
586 ## - NOTA DE PREMIOS
Nota de premios III Premio Internacional García-Diego de Historia de la Técnica, 2007; ex aequo
650 07 - PUNTO DE ACCESO ADICIONAL DE MATERIA--TÉRMINO DE MATERIA
Término de materia o nombre geográfico como elemento de entrada Acuñación de moneda-
Subdivisión geográfica España.
9 (RLIN) 9605
650 #7 - PUNTO DE ACCESO ADICIONAL DE MATERIA--TÉRMINO DE MATERIA
Término de materia o nombre geográfico como elemento de entrada Casas de la moneda-
Subdivisión geográfica España-
Subdivisión general Historia.
9 (RLIN) 147765
650 #4 - PUNTO DE ACCESO ADICIONAL DE MATERIA--TÉRMINO DE MATERIA
Término de materia o nombre geográfico como elemento de entrada Moneda-
Subdivisión geográfica España-
Subdivisión de forma Historia.
9 (RLIN) 147766
700 1# - ENTRADA AGREGADA--NOMBRE PERSONAL
Nombre de persona Torres, Julio.
9 (RLIN) 147767
710 2# - ENTRADA AGREGADA--NOMBRE DE ENTIDAD CORPORATIVA
Nombre de entidad corporativa o nombre de jurisdicción como elemento de entrada Fundación Juanelo Turriano.
9 (RLIN) 4352
852 ## - LOCALIZACIÓN
Ubicación ES-MaACL
itemnumber 185931
Número de control de estantería A-11451
Sublocalización o colección R.146343
Ubicación en estantería Depósito 1
Signatura antigua Olim: N-4455
942 ## - ELEMENTOS DE ENTRADA SECUNDARIOS (KOHA)
Fuente del sistema de clasificación o colocación Clasificación decimal universal
Tipo de ítem Koha Libro impreso
Holdings
Estatus retirado Estado de pérdida Fuente del sistema de clasificación o colocación Estado de daño No para préstamo Biblioteca de origen Biblioteca actual Ubicación en estantería Fecha de adquisición Fuente de adquisición Total de préstamos Signatura topográfica completa Código de barras Visto por última vez Precio de reemplazo Tipo de ítem Koha
    Clasificación decimal universal     Biblioteca del Ateneo de Madrid Biblioteca del Ateneo de Madrid Depósito 1 25/08/2011 Compra   A-11451 1188095 23/02/2023 23/02/2023 Libro impreso